000
00299nam a2200109 4500
008
180219b xxu||||| |||| 00| 0 eng d
245
_a
Taiwanese acquitted of drug trafficking.
260
_a
Philippines
_b
The Philippine Star
_c
c2017
300
_a
page 21.
650
0
_9
26634
_a
Drugs.
942
_2
ddc
_c
PER
999
_c
8737
_d
8737